000 01106cam a2200265 i 4500
003 SA-RiAUC
005 20250318115921.0
008 250317s1999 su g f00010 ara c
040 _aSA-RiAUC
_bara
_cSA-RiAUC
_erda
043 _aa-su---
082 0 4 _a344.531
090 _a344.531
_bس ع و
110 1 _aالسعودية.
_bوزارة التعليم العالي
_eمؤلف.
245 1 0 _aنظام مجلس التعليم العالي والجامعات ولوائحه /
_cالأمانة العامة، وزارة التعليم العالي.
264 1 _aالرياض :
_bمجلس التعليم العالي،
_c[1999]
300 _a322 صفحة ؛
_c24 سم
336 _aنص
_btxt
_2rdacontent
_3كتاب
337 _aبدون وسيط
_bn
_2rdamedia
338 _aمجلد
_bnc
_2rdacarrier
650 7 _aالتعليم العالي
_zالسعودية
_vأدلة
_2aucsh
650 7 _aالتعليم العالي
_zالسعودية
_2aucsh
650 7 _aالتعليم العالي
_xقوانين وتشريعات
_2aucsh
942 _2ddc
_cBOOK
_n0
949 _aSA-JeALM
_d250317
_umohamedma123
_n1
999 _c6490
_d6490